000 00419cam a2200169 4500
001 D14477
008 090401t1935 xxu||||| |||| 00| 0 eng d
035 _a(Sirsi) u94757
041 _aeng
100 _aWillis, Arthur J
245 _aElements of Quantity Surveying
260 _aLondon
_bCrosby Lockwood & Son
_c1935
350 _a0
520 _aShelf 163 : Press 1, Shelf 28
942 _n0
948 _c04/03/1997
999 _c98169
_d98169